00396nam a2200157Ia 45000010006000000050017000060080041000230410008000640820017000721000043000892450053001322600009001853000028001946500008002226540008002302436120260414151038.0260414t1987||||xx |||||||||||||| ||spa|| aESP a345.52LbB74 aBorea Odría, Alberto [1951-...]eAUT 0aEl amparo el habeas corpus en el Perú de hoyb c1987 a390 páginas :c20 cm. aDER aCDE